| 000 | 00554nam a2200169Ia 4500 | ||
|---|---|---|---|
| 008 | 231217s9999 xx 000 0 und d | ||
| 020 | _a8180000000000 | ||
| 041 | _aEnglish | ||
| 082 | _a658.4 VED;1 R | ||
| 100 | _aVedpuriswar, A V ed. | ||
| 245 | 0 | _aLeadership and corporate governance : ITC, Shaw Wallace, Thermax, Wipro, Zee telefilms | |
| 260 |
_c2002 _bIcfai _aHyderabad |
||
| 300 | _axiv, 182+xiv | ||
| 400 | _aCase study series | ||
| 650 | _aLeadership,corporate,governance,ITC,,Shaw,Wallace,,Thermax,,Wipro,,Zee,telefilms | ||
| 942 | _cAA | ||
| 999 |
_c187642 _d187642 |
||